| 000 | 02282cam a2200385Ia 4500 | ||
|---|---|---|---|
| 001 | 9780203810132 | ||
| 003 | BD-DhSAU | ||
| 005 | 20151012151722.0 | ||
| 006 | a|||||s||||||||||| | ||
| 007 | cr|||| | ||
| 008 | 120807s2008 nyu sb 001 0 eng d | ||
| 020 | _a9780203810132 (e-book : PDF) | ||
| 040 |
_aBD-DhSAU _cBD-DhSAU |
||
| 090 |
_aHM671 _b.S59 2008 |
||
| 092 |
_a305.23101 _bS678 |
||
| 245 | 0 | 0 |
_aSocial development, social inequalities, and social justice _h[electronic resource] / _c[edited by] Cecilia Wainryb, Judith G. Smetana, Elliot Turiel. |
| 260 |
_aNew York : _bL. Erlbaum Associates, _cc2008. |
||
| 300 | _axvi, 250 p. | ||
| 490 | 1 | _aJean Piaget Symposium series | |
| 504 | _aIncludes bibliographical references and indexes. | ||
| 505 | 0 | _ach. 1. The trouble with the ways morality is used and how they impede social equality and social justice / Elliot Turiel -- ch. 2. The moral judgment of the child reevaluated : heteronomy, early morality, and reasoning about social justice and inequalities / Charles C. Helwig -- ch. 3. America's Head Start program : an effort for social justice / Edward Zigler and Sally J. Styfco -- ch. 4. Affirmative action and ethnic minority university students : enlarging pipelines to support success / Joel Gills ... [et al.] -- ch. 5. The biology of social justice : linking social inequalities and health in adolescence / Elizabeth Goodman and Nancy E. Adler -- ch. 6. Leaving LGBT students behind : schools, sexuality, and rights / Stacey Horn -- ch. 7. The development of stereotype threat : consequences for educational and social equality / Catherine Good and Joshua Aronson -- ch. 8. Honour, truth, and justice / Unni Wikan -- ch. 9. In defense of universal values / Martha Nussbaum. | |
| 530 | _aAlso available in print edition. | ||
| 538 | _aMode of access: World Wide Web. | ||
| 650 | 0 | _aSocial justice. | |
| 650 | 0 | _aEquality. | |
| 650 | 0 | _aMoral development. | |
| 650 | 0 | _aSocial ethics. | |
| 655 | 7 |
_aElectronic books. _2lcsh |
|
| 700 | 1 | _aWainryb, Cecilia. | |
| 700 | 1 |
_aSmetana, Judith G., _d1951- |
|
| 700 | 1 | _aTuriel, Elliot. | |
| 776 | 1 | _z9780805858686 (alk. paper) | |
| 830 | 0 | _aJean Piaget Symposium series. | |
| 856 | 4 | 0 | _uhttp://www.tandfebooks.com/isbn/9780203810132 |
| 999 |
_c12956 _d12955 |
||